KOHA-Header-6

Beginning ATL 3 COM Programming (Record no. 8004)

000 -LEADER
fixed length control field 00246nam a2200109Ia 4500
020 ## - INTERNATIONAL STANDARD BOOK NUMBER
ISBN 978-1861001207
100 ## - MAIN ENTRY--AUTHOR NAME
Personal name Grimes, Richard
245 #0 - TITLE STATEMENT
Title Beginning ATL 3 COM Programming
260 ## - PUBLICATION, DISTRIBUTION, ETC. (IMPRINT)
Place of publication india
Name of publisher McGraw Hill
Year of publication 2000
300 ## - PHYSICAL DESCRIPTION
Number of Pages 1233
942 ## - ADDED ENTRY ELEMENTS (KOHA)
Koha item type Books
Holdings
Withdrawn status Lost status Collection code Permanent Location Current Location Shelving location Date acquired Full call number Accession Number Koha item type
    Computer Science MAJU MAJU Shelf No.B19 2019-09-13 005.13 2336 Computer Science

Powered by Koha